Leyes N§ 19.426 a 19.450, decretos con fuerza de ley

Gardado en:
Detalles Bibliográficos
Formato: Libro
Idioma:Lingua castelá
Publicado: Santiago Jurídica de Chile 1996
Series:Textos Legales, 146
Subjects:
Tags: Engadir etiqueta
Sen Etiquetas, Sexa o primeiro en etiquetar este rexistro!

MARC

LEADER 00000nam a2200000 a 4500
001 UCR0830
003 CL-VaPUC
008 971205e19960000CL |||||||||||||||||spa|d
082 0 4 |a 348.022  |b LEY  |2 21 
245 1 0 |a Leyes N§ 19.426 a 19.450, decretos con fuerza de ley 
300 |a 131 p 
942 |c BK 
945 |d 19971205 00:00:00  |a lriquelm 
260 |a Santiago  |b Jurídica de Chile  |c 1996 
650 7 |a LEGISLACION  |2 CL-VaPUC  |9 397268 
650 0 |a Leyes  |9 256670 
650 7 |a FUENTES  |2 CL-VaPUC  |9 255666 
650 7 |a DERECHO CHILENO  |2 CL-VaPUC  |9 397269 
650 7 |a DECRETO CON FUERZA DE LEY  |2 CL-VaPUC  |9 358086 
651 7 |a CHILE  |2 CL-VaPUC  |9 397270 
583 |a last modification  |c 19971205 00:00:00  |k Rodrigo Vera 
490 0 |a Textos Legales, 146 
999 |c 264328  |d 264326